5HLuxD.jpg

KING HENRY VIII SENIOR AND PRIMARY SCHOOL LIBRARY OPAC

SPAIN (Record no. 5072)

000 -LEADER
fixed length control field 00305nam a22001217a 4500
008 - FIXED-LENGTH DATA ELEMENTS--GENERAL INFORMATION
fixed length control field 250516b ||||| |||| 00| 0 eng d
020 ## - INTERNATIONAL STANDARD BOOK NUMBER
International Standard Book Number 9781502621467
082 ## - DEWEY DECIMAL CLASSIFICATION NUMBER
Classification number 946 MAT
100 ## - MAIN ENTRY--PERSONAL NAME
Personal name MATTERN,JOANNE
Relator term AUTHOR
245 ## - TITLE STATEMENT
Title SPAIN
260 ## - PUBLICATION, DISTRIBUTION, ETC.
Place of publication, distribution, etc. NEW YORK
Name of publisher, distributor, etc. CAVENDISH SQUARE PUBLISHING LLC
Date of publication, distribution, etc. 2017
942 ## - ADDED ENTRY ELEMENTS (KOHA)
Source of classification or shelving scheme
Holdings
Withdrawn status Lost status Source of classification or shelving scheme Damaged status Not for loan Collection code Permanent Location Current Location Shelving location Date acquired Total Checkouts Full call number Barcode Date last seen Date last checked out Price effective from Koha item type Public note
          Non-Fiction KH8 Primary School Library KH8 Primary School Library Non Fiction 2025-05-16 1 946 MAT 3KHPL000002523 2026-02-26 2026-02-12 2025-05-16 Books - Non Ficton KH8 PRIMARY LIBRARY

Powered By KH8 IT Dept